000 00465nmm a2200157Ia 4500
008 251105s9999||||xx |||||||||||||||||und||
020 _a9788497709521
041 _aspa
100 _aHerrero, José
245 0 _aLa reina que no quiso reinar
264 _a[Madrid, España] :
_bVision Libros,
_c[Fecha de publicación no identificada]
300 _a224 páginas
650 _aBiography
856 _uhttps://public.digitaliapublishing.com/a/89062
942 _cCF
999 _c90590
_d90590